000 00526nam a2200181Ia 4500
005 20250923144258.0
008 008 250917s9999 xx 000 0 eng d
037 _aReference
040 _aDSWL
_beng
_cDSWL
041 _aeng
_2eng
084 _aSObX8, N44
_qDSWL
100 _aSmith, M.
_9823154
245 0 _aHandbbok of industrial psychology
_cby M. Smith
260 _aNew Delhi
_b Philosophical Library
_c1944
300 _a304 p.
942 _cREF
_hSObX8, N44
999 _c1436929
_d1436929